| 000 | 00576cab a2200205 4500 | ||
|---|---|---|---|
| 001 | WB3332-32 | ||
| 008 | 090401t1997 xxu||||| |||| 00| 0 eng d | ||
| 035 | _a(Sirsi) u80228 | ||
| 041 | _aeng | ||
| 245 | _aLand registry online | ||
| 260 | _c1997 | ||
| 350 | _a0 | ||
| 490 |
_aNegotiator _v12(16) 8-22 August 1997, 4(1) |
||
| 520 | _aLand Registry records are now available online, with future plans including internet access. | ||
| 650 | _aHM LAND REGISTRY | ||
| 650 | _aONLINE SERVICES | ||
| 690 | _aPROPERTY LAW AND PRACTICE | ||
| 942 | _n0 | ||
| 948 | _c13/08/1997 | ||
| 999 |
_c50499 _d50499 |
||